[Event "EOBCC 2020"]
[Site "Online"]
[Date "2020.12.18"]
[Round "3.154"]
[White "Rieger, Robert"]
[Black "Wolagiewicz, Kinga"]
[Result "1-0"]
[WhiteElo "2326"]
[BlackElo "1791"]
[PlyCount "79"]
[EventDate "2020.12.18"]
[EventType "tourn"]
[EventCountry "NET"]

1. e4 c6 2. d4 d5 3. f3 dxe4 4. fxe4 Nf6 5. e5 Nd5 6. c4 Nb6 7. Nc3 Bf5 8. Nf3 e6 9. Qb3 Qc8 10. Nh4 Bg6 11. Bg5 N8d7 12. Nf3 h6 13. Bh4 Bh5 14. c5 Nd5 15. Ne4 Qc7 16. Bc4 b6 17. Bxd5 exd5 18. Nd6+ Bxd6 19. exd6 Qc8 20. Be7 Bg6 21. Qe3 Be4 22. Nd2 f5 23. O-O Nf6 24. Nxe4 dxe4 25. Qf4 Nd5 26. Qe5 Qd7 27. Qxg7 Nxe7 28. Qxh8+ Kf7 29. Qxa8 Ke6 30. Qh8 Ng6 31. Qg8+ Qf7 32. Qxf7+ Kxf7 33. Rxf5+ Ke6 34. Re5+ Nxe5 35. dxe5 Kd7 36. Re1 bxc5 37. Rxe4 Ke6 38. Rc4 a5 39. Rxc5 Kd7 40. Rxa5 1-0

[Event "EOBCC 2020"]
[Site "Online"]
[Date "2020.12.18"]
[Round "4.1"]
[White "Wagner, Dennis"]
[Black "Wojtaszek, Radoslaw"]
[Result "1/2-1/2"]
[WhiteElo "2581"]
[BlackElo "2705"]
[PlyCount "62"]
[EventDate "2020.12.18"]
[EventType "tourn"]
[EventCountry "NET"]

1. d4 Nf6 2. c4 e6 3. g3 Bb4+ 4. Bd2 Be7 5. Bg2 d5 6. Nf3 O-O 7. O-O Nbd7 8. Qc2 c6 9. Rd1 b6 10. b3 Ba6 11. a4 Bd6 12. a5 b5 13. c5 Bc7 14. b4 e5 15. dxe5 Nxe5 16. Nxe5 Bxe5 17. Bc3 Qe7 18. e3 Bc8 19. Bxe5 Qxe5 20. Qc3 Qh5 21. Rd4 Bh3 22. Nd2 Bxg2 23. Kxg2 Rae8 24. f3 Re6 25. Re1 Rfe8 26. Rh4 Qg5 27. Kf2 Nd7 28. Rg4 Qh6 29. Rh4 Qg5 30. Rg4 Qh6 31. Rh4 Qg5 1/2-1/2

[Event "EOBCC 2020"]
[Site "Online"]
[Date "2020.12.18"]
[Round "4.2"]
[White "Asadli, Vugar"]
[Black "Bluebaum, Matthias"]
[Result "0-1"]
[WhiteElo "2572"]
[BlackElo "2672"]
[PlyCount "88"]
[EventDate "2020.12.18"]
[EventType "tourn"]
[EventCountry "NET"]

1. e4 e6 2. d4 d5 3. exd5 exd5 4. Bd3 Nc6 5. c3 Bd6 6. Ne2 Nge7 7. O-O Bg4 8. f3 Bh5 9. Bf4 Bg6 10. Bxd6 Qxd6 11. Na3 a6 12. Nc2 O-O 13. Ng3 Rae8 14. f4 Bxd3 15. Qxd3 Nb8 16. Ne3 Nd7 17. Ng4 c5 18. Ne5 c4 19. Qf3 f6 20. Ng4 f5 21. Ne5 Nf6 22. Rae1 b5 23. Rf2 Ne4 24. Rfe2 g6 25. a3 Nc6 26. Nf1 a5 27. Ne3 b4 28. axb4 axb4 29. Nc2 bxc3 30. bxc3 Ra8 31. g4 fxg4 32. Qxg4 Nxc3 33. Rg2 Nxe5 34. Rxe5 Qf6 35. f5 Kh8 36. h4 Ne4 37. fxg6 Qxg6 38. Qxg6 hxg6 39. Rxd5 Rf6 40. h5 g5 41. Re5 Rf4 42. d5 Rb8 43. d6 Rb1+ 44. Kh2 Rh4# 0-1

[Event "EOBCC 2020"]
[Site "Online"]
[Date "2020.12.18"]
[Round "4.3"]
[White "Jones, Gawain C B"]
[Black "Sanal, Vahap"]
[Result "0-1"]
[WhiteElo "2670"]
[BlackElo "2557"]
[PlyCount "80"]
[EventDate "2020.12.18"]
[EventType "tourn"]
[EventCountry "NET"]

1. e4 e5 2. Nf3 Nc6 3. Bc4 Bc5 4. c3 Nf6 5. d4 exd4 6. e5 d5 7. Bb5 Ne4 8. cxd4 Bb6 9. Nc3 Bg4 10. Be3 O-O 11. h3 Bh5 12. Qc2 Nxc3 13. bxc3 f6 14. Bxc6 Bxf3 15. gxf3 bxc6 16. f4 fxe5 17. fxe5 Qe7 18. Qd1 Rad8 19. Rg1 Rf5 20. Qg4 Rdf8 21. Bg5 Qa3 22. Bd2 g6 23. f4 c5 24. dxc5 Qxc5 25. Rf1 Rxe5+ 26. Kd1 Qc4 27. Kc2 Qa4+ 28. Kc1 Bc5 29. Be1 Re4 30. Qd1 Ba3+ 31. Kd2 Qc4 32. Qf3 Rfe8 33. Rf2 Bc5 34. Rg2 Be3+ 35. Kc2 Qa4+ 36. Kd3 Bxf4 37. Rb1 Re3+ 38. Qxe3 Rxe3+ 39. Kd2 Rg3+ 40. Ke2 Rxg2+ 0-1

[Event "EOBCC 2020"]
[Site "Online"]
[Date "2020.12.18"]
[Round "4.4"]
[White "Moroni, Luca Jr"]
[Black "Sjugirov, Sanan"]
[Result "0-1"]
[WhiteElo "2562"]
[BlackElo "2663"]
[PlyCount "104"]
[EventDate "2020.12.18"]
[EventType "tourn"]
[EventCountry "NET"]

1. d4 Nf6 2. c4 g6 3. Nc3 Bg7 4. e4 d6 5. Bd3 e5 6. d5 a5 7. Nge2 Na6 8. O-O Nc5 9. Bc2 h5 10. f3 Bd7 11. b3 h4 12. a3 Nh5 13. Be3 b6 14. b4 Nb7 15. Ba4 O-O 16. Bc6 Qc8 17. Bg5 h3 18. g3 Rb8 19. Qd2 Nd8 20. Bxd7 Qxd7 21. Bh6 f5 22. Bxg7 Qxg7 23. Kh1 Nf6 24. Qg5 Nf7 25. Qh4 Qh8 26. Qxh8+ Kxh8 27. exf5 gxf5 28. Ng1 Ng5 29. f4 exf4 30. gxf4 Nge4 31. Nxe4 Nxe4 32. Nxh3 Nd2 33. Rg1 Nxc4 34. Ng5 Rf6 35. Rac1 b5 36. Rc3 Rg6 37. bxa5 Kg8 38. Ne6 Rxg1+ 39. Kxg1 Ra8 40. Nxc7 Rxa5 41. Nxb5 Rxb5 42. Rxc4 Rxd5 43. Ra4 Rd2 44. Ra7 Ra2 45. a4 d5 46. h3 d4 47. Kf1 d3 48. a5 Ra1+ 49. Kf2 d2 50. Ra8+ Kg7 51. Ra7+ Kg6 52. Ra6+ Kh5 0-1

[Event "EOBCC 2020"]
[Site "Online"]
[Date "2020.12.18"]
[Round "4.5"]
[White "Smirnov, Pavel"]
[Black "Cheparinov, Ivan"]
[Result "1-0"]
[WhiteElo "2544"]
[BlackElo "2688"]
[PlyCount "63"]
[EventDate "2020.12.18"]
[EventType "tourn"]
[EventCountry "NET"]

1. d4 d5 2. c4 c6 3. cxd5 cxd5 4. Bf4 Nf6 5. Nc3 Nc6 6. e3 Bf5 7. Qb3 Na5 8. Qa4+ Bd7 9. Qc2 e6 10. Nf3 Rc8 11. Bd3 Bb4 12. O-O Nh5 13. Bg5 f6 14. Bh4 g5 15. Bg3 Nxg3 16. fxg3 Nc4 17. Bxc4 Rxc4 18. e4 O-O 19. Qd3 Bxc3 20. bxc3 Qc7 21. exd5 Rxc3 22. Qe4 exd5 23. Qxd5+ Kg7 24. Nxg5 Qc6 25. Qe4 Qxe4 26. Nxe4 Rc2 27. Nc5 Bc6 28. Rf2 Rxf2 29. Kxf2 Kf7 30. Rc1 Rd8 31. Nxb7 Bd5 32. Nxd8+ 1-0

[Event "EOBCC 2020"]
[Site "Online"]
[Date "2020.12.18"]
[Round "4.6"]
[White "Sadzikowski, Daniel"]
[Black "Saric, Ivan"]
[Result "0-1"]
[WhiteElo "2528"]
[BlackElo "2652"]
[PlyCount "124"]
[EventDate "2020.12.18"]
[EventType "tourn"]
[EventCountry "NET"]

1. e4 c5 2. Nf3 Nc6 3. d4 cxd4 4. Nxd4 Nf6 5. Nc3 e5 6. Ndb5 d6 7. Bg5 a6 8. Na3 b5 9. Nd5 Be7 10. Bxf6 Bxf6 11. c3 Bg5 12. Nc2 Ne7 13. Nxe7 Qxe7 14. Nb4 O-O 15. Nd5 Qb7 16. Qh5 Bh6 17. Rd1 f5 18. Bd3 Be6 19. O-O Bxd5 20. exd5 e4 21. Bc2 b4 22. c4 Rac8 23. b3 Qb6 24. Kh1 Rce8 25. Qh4 f4 26. Rfe1 e3 27. f3 Re5 28. Be4 a5 29. Re2 Qc5 30. Bd3 Qa7 31. Qg4 Qe7 32. Bc2 g6 33. Rd4 Qf6 34. Rd1 Rfe8 35. Rf1 Rh5 36. g3 fxg3 37. h3 Bf4 38. Kg2 Rhe5 39. h4 Kg7 40. Rh1 h5 41. Qd7+ R5e7 42. Qb5 Rf8 43. Qxa5 Bh6 44. Rf1 Qxh4 45. Rh1 Qf6 46. Rf1 h4 47. Qxb4 Bg5 48. Qe1 Qf4 49. Kh3 Bh6 50. Qc3+ Re5 51. Qd3 Rf6 52. Rg2 Bg5 53. a4 e2 54. Rxe2 Rxe2 55. Qxe2 Rf7 56. Rg1 Re7 57. Qd3 Qf6 58. a5 Re3 59. Qd1 Rxf3 60. Rg2 Rf1 61. Qd3 Rh1+ 62. Kg4 Qf4# 0-1

[Event "EOBCC 2020"]
[Site "Online"]
[Date "2020.12.18"]
[Round "4.7"]
[White "Demidov, Mikhail"]
[Black "Hovhannisyan, Robert"]
[Result "1/2-1/2"]
[WhiteElo "2526"]
[BlackElo "2642"]
[PlyCount "41"]
[EventDate "2020.12.18"]
[EventType "tourn"]
[EventCountry "NET"]

1. d4 d5 2. Nf3 Nf6 3. Bf4 c5 4. dxc5 e6 5. e3 Bxc5 6. Be2 O-O 7. O-O Nc6 8. c4 dxc4 9. Bxc4 a6 10. Nc3 b5 11. Bb3 Bb7 12. Qe2 Qe7 13. Bg5 h6 14. Bh4 Na5 15. Bc2 Rfd8 16. Rfd1 Nc4 17. a4 Rxd1+ 18. Bxd1 Qe8 19. axb5 axb5 20. Rxa8 Bxa8 21. b3 1/2-1/2

[Event "EOBCC 2020"]
[Site "Online"]
[Date "2020.12.18"]
[Round "4.8"]
[White "Bartel, Mateusz"]
[Black "Suleymanli, Aydin"]
[Result "0-1"]
[WhiteElo "2638"]
[BlackElo "2512"]
[PlyCount "128"]
[EventDate "2020.12.18"]
[EventType "tourn"]
[EventCountry "NET"]

1. e4 c6 2. Nc3 d5 3. Nf3 Bg4 4. h3 Bxf3 5. Qxf3 e6 6. Qg3 g6 7. d4 Bg7 8. exd5 exd5 9. Bg5 Ne7 10. O-O-O O-O 11. Re1 Nf5 12. Bxd8 Nxg3 13. fxg3 Rxd8 14. Rd1 Nd7 15. Be2 Nf8 16. Bf3 Ne6 17. Ne2 Re8 18. h4 h5 19. c3 Bh6+ 20. Kc2 Ng7 21. Rd3 Nf5 22. Kb3 a5 23. a4 b5 24. axb5 Rab8 25. Ka2 Rxb5 26. Rb1 Reb8 27. g4 hxg4 28. Bxg4 Ne3 29. Bf3 Nc4 30. b3 Nd2 31. Rxd2 Bxd2 32. Rb2 Be1 33. Ka3 Bxh4 34. Ka4 Be7 35. Nf4 Bb4 36. c4 R5b6 37. Ne2 Bd6 38. c5 Rb4+ 39. Ka3 Be7 40. Bg4 R8b7 41. Bc8 Rc7 42. Ba6 Bf6 43. Rd2 Ra7 44. Bc8 Rb8 45. Bg4 Bd8 46. Rd3 a4 47. bxa4 Rba8 48. Nc3 Ba5 49. Bd1 Kf8 50. Ne2 Rb8 51. Rb3 Rxb3+ 52. Bxb3 Re7 53. Nf4 Re4 54. Nd3 Rxd4 55. Ne5 Bb4+ 56. Kb2 Rd2+ 57. Kc1 Rxg2 58. Nxc6 Bxc5 59. a5 d4 60. a6 d3 61. a7 Be3+ 62. Kb1 Rg1+ 63. Kb2 Bxa7 64. Nxa7 d2 0-1

[Event "EOBCC 2020"]
[Site "Online"]
[Date "2020.12.18"]
[Round "4.9"]
[White "Pakleza, Zbigniew"]
[Black "Banusz, Tamas"]
[Result "1-0"]
[WhiteElo "2501"]
[BlackElo "2631"]
[PlyCount "129"]
[EventDate "2020.12.18"]
[EventType "tourn"]
[EventCountry "NET"]

1. d4 d5 2. Bf4 Nf6 3. e3 c5 4. c3 Nc6 5. Nd2 Bf5 6. Ngf3 e6 7. Qb3 Qc8 8. h3 c4 9. Qd1 h6 10. Be2 Be7 11. O-O O-O 12. Re1 b5 13. a3 a5 14. Ne5 b4 15. Bf3 bxc3 16. bxc3 Nxe5 17. Bxe5 Bh7 18. e4 Rd8 19. Bxf6 Bxf6 20. exd5 exd5 21. Nf1 Bg5 22. Qa4 Bd3 23. Re5 Qb7 24. Rae1 Bf6 25. Re8+ Kh7 26. Rxd8 Rxd8 27. Qxa5 Bxf1 28. Kxf1 Rd6 29. Qc5 Rd7 30. Qb4 Qa6 31. Rb1 Rd8 32. g3 g6 33. Qb7 Qxb7 34. Rxb7 Kg7 35. a4 Bg5 36. Ke2 h5 37. h4 Bc1 38. a5 Rd6 39. Rb5 Re6+ 40. Kd1 Ba3 41. Bxd5 Rf6 42. f4 Kh6 43. Bb7 Bd6 44. Bc8 Bc7 45. a6 Bb6 46. Kc2 Ba7 47. Rb4 Rc6 48. Bb7 Rc7 49. Bd5 Kg7 50. Rb7 Rxb7 51. axb7 f6 52. Bxc4 Bb8 53. Kd3 g5 54. fxg5 fxg5 55. hxg5 Bxg3 56. Bd5 Kg6 57. c4 Kxg5 58. c5 Kf6 59. Kc4 Ke7 60. Bh1 Kd8 61. d5 Kc7 62. d6+ Kb8 63. Kb5 h4 64. Kc6 h3 65. Kd7 1-0

[Event "EOBCC 2020"]
[Site "Online"]
[Date "2020.12.18"]
[Round "4.10"]
[White "Jakubowski, Krzysztof"]
[Black "Onischuk, Vladimir"]
[Result "0-1"]
[WhiteElo "2497"]
[BlackElo "2633"]
[PlyCount "114"]
[EventDate "2020.12.18"]
[EventType "tourn"]
[EventCountry "NET"]

1. e4 d6 2. d4 Nf6 3. f3 e5 4. dxe5 dxe5 5. Qxd8+ Kxd8 6. Bc4 Ke8 7. Be3 Nbd7 8. a4 Bc5 9. Kf2 Ke7 10. Ne2 a5 11. Nd2 Bxe3+ 12. Kxe3 Nb6 13. Bb3 Nfd7 14. Nc4 Nxc4+ 15. Bxc4 Nc5 16. Rhd1 f6 17. Nc1 Be6 18. Bxe6 Nxe6 19. Nb3 b6 20. Rd2 Rhd8 21. Rad1 Rxd2 22. Rxd2 h5 23. Nc1 Nd4 24. Ne2 Ne6 25. Nc3 c6 26. Nb1 Rb8 27. Na3 b5 28. axb5 cxb5 29. Rd5 Nc7 30. Rd2 a4 31. c3 b4 32. cxb4 Rxb4 33. Kd3 Ne6 34. Kc3 Rb3+ 35. Kc4 Nd4 36. h3 h4 37. Nb1 Ke6 38. Nc3 a3 39. Rxd4 Rxc3+ 40. Kxc3 exd4+ 41. Kb3 axb2 42. Kxb2 Ke5 43. Kc2 Kf4 44. Kd3 Kg3 45. Kxd4 g5 46. e5 fxe5+ 47. Kxe5 Kxg2 48. f4 g4 49. f5 gxh3 50. f6 h2 51. f7 h1=Q 52. f8=Q Qe1+ 53. Kd5 Qd1+ 54. Ke6 Qe2+ 55. Kd7 Qg4+ 56. Kc7 h3 57. Qa3 Qg3+ 0-1

[Event "EOBCC 2020"]
[Site "Online"]
[Date "2020.12.18"]
[Round "4.11"]
[White "Smirin, Ilia"]
[Black "Kourkoulos-Arditis, Stamatis"]
[Result "1-0"]
[WhiteElo "2614"]
[BlackElo "2485"]
[PlyCount "83"]
[EventDate "2020.12.18"]
[EventType "tourn"]
[EventCountry "NET"]

1. e4 e6 2. d4 d5 3. Nd2 Be7 4. Ngf3 Nf6 5. e5 Nfd7 6. Bd3 c5 7. c3 Nc6 8. O-O g5 9. dxc5 Ndxe5 10. Nxe5 Nxe5 11. Bb5+ Bd7 12. Bxd7+ Qxd7 13. Nf3 Nxf3+ 14. Qxf3 O-O 15. Qg3 f6 16. h4 h6 17. hxg5 hxg5 18. Be3 e5 19. Rad1 Qe6 20. b4 Kf7 21. Qf3 Rad8 22. Qh5+ Kg7 23. Rfe1 Rh8 24. Qe2 Rh6 25. f3 Rh4 26. Kf2 Qf5 27. Rh1 Rxh1 28. Rxh1 Kf7 29. a4 a6 30. g4 Qg6 31. b5 d4 32. cxd4 exd4 33. Qc4+ Kg7 34. Bxd4 axb5 35. axb5 Ra8 36. Re1 Bf8 37. Re6 Qf7 38. Bxf6+ Kg8 39. Qd5 Bxc5+ 40. Kg2 Rc8 41. Qxg5+ Kh7 42. Qh4+ 1-0

[Event "EOBCC 2020"]
[Site "Online"]
[Date "2020.12.18"]
[Round "4.14"]
[White "Muradli, Mahammad"]
[Black "Hakobyan, Aram"]
[Result "1-0"]
[WhiteElo "2449"]
[BlackElo "2598"]
[PlyCount "83"]
[EventDate "2020.12.18"]
[EventType "tourn"]
[EventCountry "NET"]

1. Nf3 d5 2. d4 Nf6 3. c4 e6 4. Nc3 Bb4 5. Bg5 h6 6. Bxf6 Qxf6 7. Qa4+ Nc6 8. e3 O-O 9. Rc1 Rd8 10. Be2 dxc4 11. O-O Bd7 12. Ne4 Qe7 13. Qc2 b5 14. b3 Ba3 15. Rb1 Nb4 16. Qd2 Bc6 17. Nc3 e5 18. bxc4 bxc4 19. Rfd1 Nd3 20. d5 Bxd5 21. Nxd5 Rxd5 22. Qc2 Qc5 23. Nd2 Rad8 24. Nxc4 e4 25. Qa4 Bb4 26. Bxd3 Rxd3 27. Rxd3 Rxd3 28. Qe8+ Qf8 29. Qxe4 Rc3 30. g3 a5 31. Ne5 Qe8 32. Qd4 f6 33. Nd3 Qg6 34. Rd1 c5 35. Qd8+ Kh7 36. Nf4 Qg4 37. h3 Qf5 38. Qe7 c4 39. Qf7 Rd3 40. Nxd3 cxd3 41. a3 Bc3 42. Qb3 1-0

[Event "EOBCC 2020"]
[Site "Online"]
[Date "2020.12.18"]
[Round "4.15"]
[White "Ozen, Deniz"]
[Black "Gajewski, Grzegorz"]
[Result "1-0"]
[WhiteElo "2412"]
[BlackElo "2596"]
[PlyCount "131"]
[EventDate "2020.12.18"]
[EventType "tourn"]
[EventCountry "NET"]

1. e4 c5 2. Nf3 e6 3. c3 d5 4. exd5 Qxd5 5. d4 Nf6 6. Be2 Be7 7. O-O O-O 8. Ne5 cxd4 9. cxd4 Nc6 10. Bf3 Qd6 11. Nxc6 bxc6 12. b3 Nd5 13. Ba3 Qd8 14. Bxe7 Nxe7 15. Nc3 Ba6 16. Re1 Nf5 17. Bxc6 Rc8 18. Bb5 Bb7 19. Bc4 Nxd4 20. Qd3 Qb6 21. Rad1 Rfd8 22. Qg3 Qc6 23. f3 Nc2 24. Rxd8+ Rxd8 25. Re2 Nd4 26. Re1 Nf5 27. Qf2 a5 28. Rd1 Rxd1+ 29. Nxd1 h5 30. Ne3 Nd6 31. h4 a4 32. Kh2 Qc5 33. Qd2 Qe5+ 34. Kg1 a3 35. Bf1 g6 36. Nc4 Qc5+ 37. Qf2 Qb4 38. Qd2 Qxd2 39. Nxd2 Bd5 40. Kf2 Nf5 41. g3 Nd4 42. Bc4 Bxc4 43. bxc4 Kf8 44. Nb1 Nc2 45. Ke2 Ke7 46. Kd2 Nb4 47. Nxa3 Nxa2 48. Nc2 Kd6 49. Kd3 Kc5 50. Ne3 Nb4+ 51. Kc3 Nc6 52. Nc2 Ne5 53. Ne1 f6 54. Nd3+ Nxd3 55. Kxd3 e5 56. f4 exf4 57. gxf4 Kc6 58. Kd4 Kd6 59. c5+ Kc6 60. Kc4 g5 61. fxg5 fxg5 62. hxg5 h4 63. g6 h3 64. g7 h2 65. g8=Q h1=B 66. Qa8+ 1-0

[Event "EOBCC 2020"]
[Site "Online"]
[Date "2020.12.18"]
[Round "4.16"]
[White "Navara, David"]
[Black "Hjartarson, Johann"]
[Result "1-0"]
[WhiteElo "2697"]
[BlackElo "2525"]
[PlyCount "87"]
[EventDate "2020.12.18"]
[EventType "tourn"]
[EventCountry "NET"]

1. e4 e6 2. d4 d5 3. Nd2 a6 4. Ngf3 c5 5. exd5 exd5 6. c4 Nf6 7. cxd5 cxd4 8. Bc4 Bc5 9. Qe2+ Qe7 10. Qxe7+ Kxe7 11. Nb3 Bb4+ 12. Bd2 Bxd2+ 13. Nbxd2 Rd8 14. O-O Nxd5 15. Rfe1+ Kf8 16. Nxd4 Nb6 17. N4b3 Nxc4 18. Nxc4 Nc6 19. Nb6 Rb8 20. Nc5 Bf5 21. f3 h5 22. a3 g6 23. b4 Kg7 24. Rad1 Rxd1 25. Rxd1 Re8 26. Kf2 Re7 27. Nd5 Re5 28. f4 Re8 29. Nxb7 Bc2 30. Rd2 Ba4 31. Nc5 Bb5 32. a4 Bc4 33. Nb6 Be6 34. Nxa6 Re7 35. b5 Na5 36. Nc5 Bg4 37. Nd5 Re8 38. Ne3 Bc8 39. b6 h4 40. Rb2 Nb7 41. Nxb7 Bxb7 42. a5 Ra8 43. Nc4 Bd5 44. b7 1-0

[Event "EOBCC 2020"]
[Site "Online"]
[Date "2020.12.18"]
[Round "4.17"]
[White "Sargissian, Gabriel"]
[Black "Khanin, Semen"]
[Result "1/2-1/2"]
[WhiteElo "2682"]
[BlackElo "2511"]
[PlyCount "113"]
[EventDate "2020.12.18"]
[EventType "tourn"]
[EventCountry "NET"]

1. d4 Nf6 2. c4 e6 3. Nf3 d5 4. g3 Bb4+ 5. Bd2 Bd6 6. Bg5 h6 7. Bxf6 Qxf6 8. Nc3 c6 9. Bg2 O-O 10. O-O Qe7 11. e4 dxe4 12. Nxe4 c5 13. Nxd6 Qxd6 14. dxc5 Qxc5 15. Qd4 Na6 16. Rfd1 Qc7 17. Ne5 f6 18. Ng6 Re8 19. h4 Nb4 20. Qd6 Qxd6 21. Rxd6 e5 22. Be4 f5 23. Bd5+ Nxd5 24. cxd5 f4 25. gxf4 exf4 26. Nxf4 Bf5 27. Rc1 Re4 28. Ne6 Rg4+ 29. Kf1 Rxh4 30. Rc7 Rg4 31. Rdd7 Bxe6 32. dxe6 Re8 33. e7 h5 34. Rxb7 h4 35. Rd3 a5 36. Re3 a4 37. b3 axb3 38. axb3 Kf7 39. b4 g5 40. b5 Rb4 41. Rf3+ Ke6 42. Re3+ Kf7 43. Kg2 g4 44. Re5 Rb2 45. Rh5 g3 46. Rxh4 gxf2 47. Rf4+ Ke6 48. Re4+ Kd6 49. Rd4+ Ke6 50. Rd8 Rxe7 51. Rxe7+ Kxe7 52. Rd3 Rxb5 53. Rf3 Re5 54. Rxf2 Re6 55. Kf3 Rf6+ 56. Ke2 Rxf2+ 57. Kxf2 1/2-1/2

[Event "EOBCC 2020"]
[Site "Online"]
[Date "2020.12.18"]
[Round "4.18"]
[White "Martirosyan, Haik M."]
[Black "Davtyan, Artur"]
[Result "1-0"]
[WhiteElo "2622"]
[BlackElo "2466"]
[PlyCount "61"]
[EventDate "2020.12.18"]
[EventType "tourn"]
[EventCountry "NET"]

1. d4 d5 2. Nf3 Nf6 3. Bf4 e6 4. e3 Bd6 5. Bg3 b6 6. c3 O-O 7. Nbd2 Qe7 8. Ne5 c5 9. Bd3 Ba6 10. Bxa6 Nxa6 11. O-O Rfc8 12. Bh4 Nc7 13. f4 Nce8 14. Rf3 b5 15. Rh3 b4 16. g4 bxc3 17. bxc3 cxd4 18. cxd4 Qc7 19. Bxf6 gxf6 20. Nef3 Qc2 21. Qe1 Rab8 22. g5 Bb4 23. Kh1 Bxd2 24. Nxd2 Rb2 25. Rd1 fxg5 26. Rg3 Kh8 27. Nf3 Qe4 28. Kg1 gxf4 29. Ng5 Qf5 30. exf4 f6 31. Nf7# 1-0

[Event "EOBCC 2020"]
[Site "Online"]
[Date "2020.12.18"]
[Round "4.19"]
[White "Shubin, Kirill"]
[Black "Svane, Rasmus"]
[Result "1-0"]
[WhiteElo "2441"]
[BlackElo "2613"]
[PlyCount "115"]
[EventDate "2020.12.18"]
[EventType "tourn"]
[EventCountry "NET"]

1. e4 c6 2. d4 d5 3. exd5 cxd5 4. Bd3 Nc6 5. c3 Nf6 6. Bf4 Bg4 7. Qb3 Qd7 8. Nd2 e6 9. Ngf3 Bd6 10. Bxd6 Qxd6 11. O-O Qc7 12. Rfe1 O-O 13. Qc2 Rac8 14. Ne5 Bh5 15. Qb1 a6 16. a4 Rfe8 17. Ndf3 Qb6 18. Ng5 h6 19. Nh3 g5 20. f3 Nxe5 21. Rxe5 Nd7 22. Re1 e5 23. Bf5 Rcd8 24. Nf2 Qd6 25. Qd3 Nb8 26. g4 Bg6 27. dxe5 Bxf5 28. gxf5 Rxe5 29. Rxe5 Qxe5 30. Ng4 Qe7 31. Nxh6+ Kg7 32. Ng4 f6 33. Qd2 Re8 34. h4 Qe2 35. Qxe2 Rxe2 36. hxg5 fxg5 37. Rd1 Rxb2 38. Rxd5 Rb3 39. f6+ Kf7 40. Rd6 Rxc3 41. Ne5+ Ke8 42. f7+ Ke7 43. Rd8 Kxd8 44. f8=Q+ Kc7 45. Qe7+ Kc8 46. Qf8+ Kc7 47. Qb4 Rc1+ 48. Kf2 Nc6 49. Nxc6 Rxc6 50. Qe7+ Kb6 51. Qxg5 Rc5 52. Qd8+ Kc6 53. a5 Rb5 54. f4 b6 55. axb6 Rxb6 56. f5 Rb7 57. f6 Re7 58. fxe7 1-0

[Event "EOBCC 2020"]
[Site "Online"]
[Date "2020.12.18"]
[Round "4.20"]
[White "Svane, Frederik"]
[Black "Durarbayli, Vasif"]
[Result "0-1"]
[WhiteElo "2421"]
[BlackElo "2606"]
[PlyCount "68"]
[EventDate "2020.12.18"]
[EventType "tourn"]
[EventCountry "NET"]

1. e4 e5 2. Nf3 Nc6 3. Bb5 a6 4. Ba4 Nge7 5. c3 g6 6. d4 exd4 7. cxd4 b5 8. Bc2 d5 9. Nc3 Bg7 10. O-O Bg4 11. Be3 O-O 12. exd5 Bxf3 13. Qxf3 Nxd4 14. Bxd4 Bxd4 15. Rad1 Bg7 16. Rfe1 Rb8 17. g4 Rb6 18. Bb3 Nc8 19. Ne4 Bxb2 20. Re2 Bg7 21. Rc2 a5 22. a3 a4 23. Ba2 b4 24. axb4 Rxb4 25. d6 Nxd6 26. Rcd2 Qh4 27. Nxd6 Rxg4+ 28. Kf1 cxd6 29. Rxd6 Rf4 30. Qg3 Be5 31. Rd7 Qf6 32. Qe3 Kg7 33. Rb7 Bd4 34. Rxd4 Qxd4 0-1

[Event "EOBCC 2020"]
[Site "Online"]
[Date "2020.12.18"]
[Round "4.21"]
[White "Sychev, Klementy"]
[Black "Krallis, Christos"]
[Result "1-0"]
[WhiteElo "2572"]
[BlackElo "2442"]
[PlyCount "123"]
[EventDate "2020.12.18"]
[EventType "tourn"]
[EventCountry "NET"]

1. e4 e5 2. Nf3 Nc6 3. Bb5 a6 4. Ba4 Nf6 5. O-O Be7 6. d3 b5 7. Bb3 O-O 8. a4 Bb7 9. Nc3 b4 10. Ne2 d5 11. exd5 Nxd5 12. Ng3 Na5 13. Nxe5 Nxb3 14. cxb3 Bf6 15. Nc4 c5 16. Qg4 Qc8 17. Nf5 Kh8 18. Bg5 g6 19. Ncd6 gxf5 20. Bxf6+ Nxf6 21. Qh4 Qe6 22. Nxb7 Ng4 23. Rae1 Qc6 24. Na5 Qg6 25. h3 Nf6 26. Re3 Nd5 27. Rg3 Qe6 28. Nc4 Rg8 29. Kh2 f4 30. Rg4 f5 31. Rxg8+ Rxg8 32. Qh5 Nf6 33. Qf3 Nd5 34. Kh1 Qf7 35. Re1 Qd7 36. Ne5 Qb7 37. Kh2 Kg7 38. Qh5 Kh8 39. Nf7+ Kg7 40. Ne5 Rf8 41. Qg5+ Kh8 42. Nf3 Rg8 43. Qxf5 Qg7 44. Rg1 Nf6 45. Qxf4 Rf8 46. Qe5 Qh6 47. Kh1 Kg8 48. Qg3+ Kh8 49. Qe5 Kg8 50. Re1 Ng4 51. Qg3 Qg6 52. Qxg4 Qxg4 53. hxg4 Rd8 54. Re3 Kg7 55. Kh2 Kg6 56. Kg3 Rd5 57. Nd2 h5 58. f4 hxg4 59. Kxg4 Rd8 60. Nc4 Rg8 61. Kf3 Kf5 62. g4+ 1-0

[Event "EOBCC 2020"]
[Site "Online"]
[Date "2020.12.18"]
[Round "4.22"]
[White "Gabdrakhmanov, Azat"]
[Black "Steinberg, Nitzan"]
[Result "0-1"]
[WhiteElo "2319"]
[BlackElo "2553"]
[PlyCount "52"]
[EventDate "2020.12.18"]
[EventType "tourn"]
[EventCountry "NET"]

1. e4 c5 2. Nf3 d6 3. d4 cxd4 4. Nxd4 Nf6 5. Nc3 a6 6. Be3 e5 7. Nb3 Be6 8. Qd2 Nbd7 9. O-O-O Rc8 10. Kb1 Be7 11. f4 exf4 12. Bxf4 Ne5 13. h3 b5 14. Qf2 Qc7 15. Bd3 O-O 16. g4 Nfd7 17. Rhf1 Nc4 18. Nd4 Nxb2 19. Kxb2 Qxc3+ 20. Kb1 Bf6 21. Be3 Qa3 22. c3 Rxc3 23. Nxe6 fxe6 24. Bc1 Rxc1+ 25. Rxc1 Qxd3+ 26. Qc2 Qd4 0-1

[Event "EOBCC 2020"]
[Site "Online"]
[Date "2020.12.18"]
[Round "4.24"]
[White "Gadimbayli, Abdulla"]
[Black "Van Foreest, Jorden"]
[Result "1/2-1/2"]
[WhiteElo "2470"]
[BlackElo "2671"]
[PlyCount "110"]
[EventDate "2020.12.18"]
[EventType "tourn"]
[EventCountry "NET"]

1. e4 e5 2. Nf3 Nc6 3. Nc3 Nf6 4. d4 exd4 5. Nxd4 Bb4 6. Nxc6 bxc6 7. Bd3 d5 8. exd5 O-O 9. O-O cxd5 10. Bg5 c6 11. Qf3 Re8 12. h3 h6 13. Bxf6 Qxf6 14. Qxf6 gxf6 15. Ne2 a5 16. Ng3 Re5 17. f4 Re3 18. Nh5 Rb8 19. Kh1 Kf8 20. Kh2 a4 21. Rab1 Be7 22. b3 a3 23. Rbe1 Rxe1 24. Rxe1 c5 25. g4 c4 26. bxc4 Rb2 27. cxd5 Rxa2 28. Bb5 Rxc2+ 29. Kg3 Rc3+ 30. Kh2 Rc2+ 31. Kg3 Rc3+ 32. Kh2 a2 33. d6 Be6 34. dxe7+ Kxe7 35. f5 Re3 36. Rxe3 a1=Q 37. fxe6 Qb2+ 38. Be2 Qd4 39. Rf3 Qe5+ 40. Ng3 fxe6 41. Kg2 h5 42. gxh5 f5 43. Kf2 Qd4+ 44. Kg2 Kf6 45. Bd3 Qb2+ 46. Rf2 Qb7+ 47. Be4 Qg7 48. Kh2 Kg5 49. Nxf5 Qe5+ 50. Ng3 Kh4 51. Rg2 Qf4 52. Bb7 Qc7 53. Be4 Qf4 54. Rg1 Qf2+ 55. Rg2 Qf4 1/2-1/2

[Event "EOBCC 2020"]
[Site "Online"]
[Date "2020.12.18"]
[Round "4.25"]
[White "Golubov, Saveliy"]
[Black "Guseinov, Gadir"]
[Result "1-0"]
[WhiteElo "2470"]
[BlackElo "2665"]
[PlyCount "129"]
[EventDate "2020.12.18"]
[EventType "tourn"]
[EventCountry "NET"]

1. d4 Nf6 2. Nf3 g6 3. Bg5 Bg7 4. Nbd2 O-O 5. c3 d6 6. e4 b6 7. Bd3 Bb7 8. O-O Nbd7 9. Re1 e5 10. a4 a6 11. Rc1 Qe7 12. Nc4 h6 13. Bh4 Rfe8 14. b4 Qf8 15. dxe5 dxe5 16. Qb3 Nh5 17. Rcd1 Nb8 18. Bb1 Bc8 19. Ne3 Be6 20. Qb2 c6 21. Ba2 Nf4 22. Nc4 b5 23. Nd6 Bxa2 24. Nxe8 Bc4 25. Rd8 g5 26. Nf6+ Bxf6 27. Rxf8+ Kxf8 28. Bg3 Nd3 29. Qd2 bxa4 30. Ra1 Nd7 31. Rxa4 Kg7 32. h3 Nf8 33. Ra1 Ng6 34. Qc2 Rd8 35. Nd2 Be6 36. Rxa6 Ne7 37. Nf3 h5 38. h4 g4 39. Ng5 Bxg5 40. hxg5 Ng6 41. Rxc6 h4 42. b5 hxg3 43. fxg3 Ne7 44. Rc7 Nc8 45. c4 Nb6 46. Rc6 Nb4 47. Qf2 Nxc6 48. Qxb6 Rd1+ 49. Kf2 Nd4 50. Qc7 Nb3 51. Qxe5+ Kg8 52. c5 Rd2+ 53. Kg1 Nd4 54. c6 Rd1+ 55. Kf2 Rd2+ 56. Ke3 Nb3 57. g6 Rc2 58. gxf7+ Kxf7 59. c7 Rc1 60. b6 Re1+ 61. Kf4 Nc1 62. Kg5 Nd3 63. Qf6+ Kg8 64. Qxe6+ Kg7 65. Qf6+ 1-0

[Event "EOBCC 2020"]
[Site "Online"]
[Date "2020.12.18"]
[Round "4.26"]
[White "Najer, Evgeniy"]
[Black "Matinian, Nikita"]
[Result "0-1"]
[WhiteElo "2648"]
[BlackElo "2470"]
[PlyCount "82"]
[EventDate "2020.12.18"]
[EventType "tourn"]
[EventCountry "NET"]

1. d4 Nf6 2. Bg5 d5 3. Bxf6 gxf6 4. Nc3 f5 5. e3 e6 6. Nf3 c5 7. Bb5+ Bd7 8. Bxd7+ Nxd7 9. O-O Rg8 10. Ne2 c4 11. b3 Rc8 12. Rb1 c3 13. Nf4 Bd6 14. Qe2 a6 15. a4 Nf6 16. Nd3 Ne4 17. Kh1 Qf6 18. g3 Qh6 19. Rg1 Ke7 20. b4 Qh5 21. Rbe1 Rc4 22. Nfe5 Qxe2 23. Rxe2 Bxe5 24. dxe5 d4 25. f3 Nd2 26. Kg2 Rd8 27. Rc1 Rc7 28. a5 Nc4 29. exd4 Rxd4 30. Kf2 Nb2 31. Ke3 Nxd3 32. cxd3 Rxb4 33. Rec2 Rb3 34. d4 Ra3 35. Kd3 Kd7 36. h3 Rxa5 37. Rxc3 Rxc3+ 38. Rxc3 Ra2 39. g4 f4 40. Ke4 Rd2 41. Rb3 Kc7 0-1